000
00291nmm a2200097Ia 4500
008
220120s9999||||xx |||||||||||||||||und||
020
_a
978-0-07-060092-8
100
_a
ACM
_9
10765
245
0
_a
Proceedings of the ACM multimedia 2010 international confere
260
_a
ACM press
_b
New Delhi
_c
2010
999
_c
139994
_d
139994